South Eastern Kenya University

Library Online Public Access Catalogue


Applied medical statistics using SAS (Record no. 4168)

MARC details
000 -LEADER
fixed length control field 00500cam a2200145 a 4500
020 ## - ISBN
International Standard Book Number 9781439867976 (hardcover : alk. paper)
050 #4 - LIBRARY OF CONGRESS CALL NUMBER
Classification Number R858
Item Number .D47 2013
100 1# - MAIN ENTRY--Author
Personal name Der, Geoff.
245 10 - TITLE
Title Applied medical statistics using SAS
Medium [electronic resource] /
Statement of responsibility, etc Geoff Der, Brian S. Everitt.
260 ## - PUBLICATION, DISTRIBUTION, ETC.(IMPRINT)
Place of publication, distribution, etc Boca Raton, FL :
Name of publisher, distributor, etc CRC Press,
Date of publication, distribution, etc c2013.
500 ## - GENERALNOTE
General note "A Chapman & Hall book."
700 1# - ADDED ENTRY--PERSONAL AUTHOR
Personal Name Everitt, Brian.
856 40 - URL/ELECTRONIC LOCATION AND ACCESS
Uniform Resource Identifier <a href="http://www.columbia.edu/cgi-bin/cul/resolve?clio10063636">http://www.columbia.edu/cgi-bin/cul/resolve?clio10063636</a>
942 ## - ADDED ENTRY ELEMENTS(KOHA)
Source of classification or shelving scheme Library of Congress Classification
Koha item type General circulation
Holdings
Source of classification or shelving scheme Not for loan Location (home branch) Sublocation (holding branch) Shelving location Date accessioned Full call number Barcode Koha item type Public note
Library of Congress Classification   Main Campus Library Main Campus Library   24/06/2015 R858 .D47 2013 2015/000495 General circulation amm
Kitui, Kenya.
+254736116989
library@seku.ac.ke